000 00578cam a22002053a 4500
001 43401
003 PGUSA
005 20140828084004.0
008 130804s2013||||xxu|||||s|||||000 | eng d
040 _aPGUSA
_beng
042 _adc
100 1 _aGalarraga, Gustavo Sánchez
245 1 2 _aA Flor De Piel
_h[electronic resource] /
_cGustavo Sánchez Galarraga
260 _bProject Gutenberg,
_c2013
506 _aPublic domain in the USA.
516 _aElectronic text
830 0 _aProject Gutenberg
_v43401
856 4 0 _uhttp://www.gutenberg.org/ebooks/43401
942 _cEB
999 _c272652
_d272652